000 00461nam a22001577a 4500
999 _c15324
_d15324
082 _a631.37
_bBIS/CO
100 _aBISA,S
_92974
245 _aComputer aided study of the design parameters of axial flow pump
260 _aTavanur
_bKelappaji College of Agricultural Engineering and Technology
_c1990
300 _a64
500 _aThesis
700 _aHaja Shereef M
_92975
700 _aMini P. K
_92865
700 _aUttam Kumar Adhyapok
_92976
942 _cTH